| 000 | 00652nam a2200181Ia 4500 | ||
|---|---|---|---|
| 008 | 090124s9999 xx 000 0 und d | ||
| 082 |
_b14570 _a1788 |
||
| 100 | _aसाठे शं.गो. (शंकर गोविंद ) | ||
| 245 | _a धन्य मी कृतार्थ मी | ||
| 250 | _a1 | ||
| 260 | _c1965 | ||
| 300 | _a93 | ||
| 600 | _aसाठे शं.गो. (शंकर गोविंद ) | ||
| 630 | _a धन्य मी कृतार्थ मी | ||
| 700 | _aसाठे शं.गो. (शंकर गोविंद ) | ||
| 730 | _a धन्य मी कृतार्थ मी | ||
| 942 | _cBOOK | ||
| 999 |
_c128510 _d128510 |
||